000 01254nam0a22002771 4500
001 rc\3480474
005 20130115140426.2
021 _aRU
_b[72-24037ж]
035 _a(NLR Aleph) 007644512
090 _a6161810
_c6161810
100 _a20130115g19711972|||y0rusy50 ca
101 0 _arus
102 _aRU
105 _ay z |||||
200 1 _aНерушимый союз рабочих и крестьян
_e[Сборник статей
_fРед. коллегия: ...канд. ист. наук П.С. Капикранян (отв. ред.) и др.]
210 _aКраснодар
_cБ. и.
_d1971 [вып. дан. 1972]
215 _a158 с.
_d20
225 1 _aМинистерство высшего и среднего специального образования РСФСР. Кубанский государственный университет. [Научные труды
_vВып. 145]
320 _aСписки лит. в примеч. в конце статей
606 _aСоюз рабочего класса и крестьянства
_jСборники
_2psbo
702 1 _aКапикранян
_bП. С.
_4340
801 0 _aRU
_bNLR
_gpsbo
801 1 _aRU
_bELAR
_2rusmarc
852 _aNLR
_jП28/435
942 _cBOOK
980 _aNB